00845cam a22002657a 4500003000500000005001700005008004100022010001000063011001000073035001000083040000900093082001500102100001900117245012300136260006800259300001900327410004400346490002200390650003100412650003200443700001900475700001900494810004400513830002200557CHAP20220329142234.0000316d1973 us a r 00010 eng d a80381 a81353 a91822 cCHAP04a589.45bB300aBagnall, L. O.10aProcessing, chemical composition and nutritive value of aquatic weedsc/by L.O. Bagnall, R.L. Shirley and J.F. Hentges aGainesville, Florida :bWater Resources Research Center,c1973. a55 h. :bilus. aFlorida Water Resources Research Center 0aPublicationv; 2514aMalas hierbas acuáticas.14aMalas hierbas como forraje.0 aHentges, J. F.0 aShirley, R. L.00aFlorida Water Resources Research Center0 aPublicationv; 25